000
00318nam a2200121Ia 4500
008
190216s9999||||xx |||||||||||||| ||und||
100
_a
"Timy Katyal, Satake M & Rajkumar"
245
0
_a
Environmental Pollution
260
_b
Anmol Publications
_c
1996
300
_a
302p
650
_a
Chemistry-Chemistry
942
_c
BK
999
_c
2772
_d
2772